000 00320nam a22001337a 4500
008 210302b ||||| |||| 00| 0 eng d
020 _a9780471216872
041 _aeng
080 _29th
_a330.101.541
100 _a52
101 _aMAKRO
245 _aFundamentals of Risk and Insurance
_cVaughan,J.E
942 _2udc
_cBK
999 _c55508
_d55508